000 00334 a2200157 4500
001 66921
020 _a9788564305793
040 _cAnchieta - Pituba
100 _aCarraro, Fernando
240 1 0 _aDribles da vida
_lpor
245 1 0 _aDribles da vida
300 _a32
362 0 _a2018
650 4 _aLiteratura juvenil
942 _cBK
999 _c66921
_d66921